00271nam a2200109 a 4500008004100000050001500041100002300056245005200079250001200131260000900143350000900152120416s1981 xx |||||||||||||| || u aTS 205 Fei aFeirer, John Louis10aTeacher's resources to accompany general metals a5th ed. c1981 a0.00